[Event "Sachsen-Anhalt-ch op"]
[Site "Magdeburg"]
[Date "2022.10.29"]
[Round "1"]
[White "Schambier, Leon Elias"]
[Black "Krajewski, Christian"]
[Result "0-1"]
[WhiteElo "1395"]
[BlackElo "1771"]
[PlyCount "40"]
[EventDate "2022.10.29"]
[EventType "swiss"]
[EventRounds "7"]
[EventCountry "GER"]
[SourceTitle "CBM 211 Extra"]
[Source "ChessBase"]
[SourceDate "2023.01.31"]
[SourceVersion "1"]
[SourceVersionDate "2023.01.31"]
[SourceQuality "1"]

1. c4 f5 2. Nc3 Nf6 3. g3 e6 4. Bg2 Be7 5. e3 d6 6. Nge2 Nc6 7. 0-0 0-0 8. d4 Qe8 9. d5 Ne5 10. b3 exd5 11. Nxd5 Bd8 12. Bb2 c6 13. Nxf6+ Rxf6 14. f4 Ng4 15. Bxf6 Bxf6 16. Re1 Qxe3+ 17. Kh1 Nf2+ 18. Kg1 Nh3+ 19. Kh1 Qg1+ 20. Rxg1 Nf2# 0-1

[Event "Sachsen-Anhalt Landesliga-A 1920"]
[Site "Sachsen Anhalt"]
[Date "2020.01.19"]
[Round "5.4"]
[White "Woost, Thomas"]
[Black "Krajewski, Christian"]
[Result "0-1"]
[WhiteElo "1796"]
[BlackElo "1640"]
[PlyCount "64"]
[EventDate "2019.09.29"]
[EventType "team-tourn"]
[EventRounds "9"]
[EventCountry "GER"]
[SourceTitle "EXT 2023"]
[Source "ChessBase"]
[SourceDate "2022.10.05"]
[SourceVersion "1"]
[SourceVersionDate "2022.10.05"]
[SourceQuality "1"]
[WhiteTeam "Tangerhuette Eintracht"]
[BlackTeam "Magdeburg USC III"]
[WhiteTeamCountry "GER"]
[BlackTeamCountry "GER"]

1. e4 c6 2. d4 d5 3. e5 c5 4. c3 cxd4 5. cxd4 Nc6 6. Nc3 e6 7. Bb5 Nge7 8. Nge2 a6 9. Ba4 Nf5 10. g4 Nh4 11. Bxc6+ bxc6 12. Nf4 Be7 13. 0-0 0-0 14. Ng2 Nxg2 15. Kxg2 c5 16. Be3 Bb7 17. Kg1 Rc8 18. Rc1 cxd4 19. Bxd4 Bc5 20. Na4 Bxd4 21. Qxd4 Qg5 22. Rc3 Rxc3 23. Nxc3 Rc8 24. f3 h5 25. h3 hxg4 26. fxg4 Rc4 27. Qa7 Qxe5 28. Qf2 f6 29. Re1 Qd6 30. Qe2 Qg3+ 31. Kh1 Qxh3+ 32. Qh2 d4+ 0-1